Anomalija ; Nigda ne zmeškav ; Pamjat' i Rozum

Bibliographic Details
Main Author: Kseňák, Mikuláš, 1933-2020 (Author)
Format: Article
Language:Slavic languages
Subjects:

MARC

LEADER 00000nab a2200000 a 4500
001 vtls000864113
003 SK-MaSNL
005 20260303234020.0
008 240612c2003 xo 0 sla
015 |a SNBRB2004/02-06361 
035 |a CLN000215667 
040 |a SNKBUCL  |b slo  |c SNKBUCL  |e AACR2 
041 0 |a sla  |a rue 
044 |a xo  |c SK 
080 |a 821.161 (437.6)-3=161  |2 UDC-MRF-SK2 
100 1 |a Kseňák, Mikuláš,  |d 1933-2020  |4 aut  |9 203679 
245 1 0 |a Anomalija ; Nigda ne zmeškav ; Pamjat' i Rozum  |c Mykolaj Ksenjak 
650 0 7 |a bájky rusínske  |2 snkbucl  |9 1265062 
773 0 |t Narodny novynky  |g Roč. 13, č. 33-34 (2003), s. 4 
850 |a Slovenská národná knižnica v Martine 
852 |a SNK  |b KIS3GCP 
958 |a SK 
958 |a LX 
958 |a RN 
958 |a RBX 
999 |c 2518569  |d 2520499